000 00489nam a2200181Ia 4500
001 24632
005 20260414151056.0
008 260414t2020||||xx |||||||||||||| ||spa||
041 _aESP
082 _a345.721
_bB141 V. 76
100 _aAlarcón Loayza, Nicolás
_eAUT
245 0 _aEl rol de los derechos humanos en el arbitraje internacional de inversión
_b
260 _c2020
300 _a376 páginas :
_c24 cm.
650 _aDER
654 _aCDE
942 _cLIB
_dJUS
_fJUS
_2ddc
_n
999 _c24632
_d24632